Carta sin cuerpo / (Record no. 361)

MARC details
000 -LEADER
campo de control de longitud fija 00664mam a22002297a 4500
001 - NÚMERO DE CONTROL
campo de control 3368107
005 - FECHA Y HORA DE LA ÚLTIMA TRANSACCIÓN
campo de control 20220326193306.0
008 - DATOS DE LONGITUD FIJA--INFORMACIÓN GENERAL
campo de control de longitud fija 020729s2001 cr 000 0 spa
010 ## - NÚMERO DE CONTROL DE LA BIBLIOTECA DEL CONGRESO
Número de control de LC 2002433335
020 ## - NÚMERO INTERNACIONAL ESTÁNDAR DEL LIBRO
Número Internacional Estándar del Libro 9968834270
035 ## - NÚMERO DE CONTROL DEL SISTEMA
Número de control de sistema (OCoLC)ocm50756238
040 ## - FUENTE DE CATALOGACIÓN
Centro catalogador/agencia de origen DLC
Centro/agencia transcriptor DLC
082 ## - NÚMERO DE LA CLASIFICACIÓN DECIMAL DEWEY
Número de clasificación 861.44
Número de ítem T787c
100 1# - ENTRADA PRINCIPAL--NOMBRE DE PERSONA
Nombre de persona Trejos, Alfredo,
Fechas asociadas al nombre 1977-
9 (RLIN) 1714
245 10 - MENCIÓN DEL TÍTULO
Título Carta sin cuerpo /
Mención de responsabilidad, etc. Alfredo Trejos.
260 ## - PUBLICACIÓN, DISTRIBUCIÓN, ETC.
Lugar de publicación, distribución, etc. San José, Costa Rica :
Nombre del editor, distribuidor, etc. Ediciones Perro Azul,
Fecha de publicación, distribución, etc. c2001.
300 ## - DESCRIPCIÓN FÍSICA
Extensión 52 p. ;
Dimensiones 21 cm.
490 1# - MENCIÓN DE SERIE
Mención de serie Colección de poesía
700 ## - ENTRADA AGREGADA--NOMBRE PERSONAL
Nombre de persona Trejos, Alfredo,
9 (RLIN) 1715
830 #0 - PUNTO DE ACCESO ADICIONAL DE SERIE-TÍTULO UNIFORME
Título uniforme Colección de poesía (Ediciones Perro Azul)
9 (RLIN) 878
Holdings
Estatus retirado Estado de pérdida Fuente del sistema de clasificación o colocación Estado de daño No para préstamo Biblioteca de origen Biblioteca actual Ubicación en estantería Fecha de adquisición Total de préstamos Signatura topográfica completa Código de barras Visto por última vez Precio de reemplazo Tipo de ítem Koha
    Clasificación Decimal Dewey     Biblioteca LadoV Biblioteca LadoV   21/11/2014   861.44 T787c 000508 21/11/2014 21/11/2014 Material 01